[Event "45th FIDE Chess Olympiad Open"]
[Site "Budapest, Hungary"]
[Date "2024.09.13"]
[Round "3.250"]
[White "Schwarz, Bernhard"]
[Black "Cahaya, Satria Duta"]
[Result "0-1"]
[WhiteElo "1875"]
[BlackElo "2219"]
[PlyCount "85"]
[EventDate "2024.??.??"]
[WhiteTeam "Namibia"]
[BlackTeam "Indonesia"]
[WhiteTeamCountry "NAM"]
[BlackTeamCountry "INA"]
[WhiteClock "0:24:58"]
[BlackClock "0:03:59"]

1. e4 c5 2. Nf3 Nc6 3. d4 cxd4 4. Nxd4 Nf6 5. Nc3 e5 6. Ndb5 d6 7. Bg5 a6 8. Na3 b5 9. Nab1 Be7 10. Bxf6 Bxf6 11. a4 b4 12. Nd5 Bg5 13. Bc4 O-O 14. O-O Kh8 15. c3 bxc3 16. Nbxc3 Qa5 $146 ({RR} 16... Rb8 17. Rb1 Qa5 18. b4 Qd8 19. a5 f5 20. Qd3 Bh4 21. Bxa6 Be6 22. exf5 Bxf5 23. Ne4 Qe8 24. Qe3 Nd4 25. Nxd6 Qc6 26. Nxf5 Rxf5 27. Nb6 Rbf8 28. f4 Nc2 29. Qh3 Bd8 30. Bd3 e4 31. Bxc2 {Lu,Y (2213)-Wu,S (2146) San Francisco USA 2024 1-0 (37)}) ({RR} 16... Rb8 17. Rb1 a5 18. Nb5 Be6 19. Qe2 Nd4 20. Nxd4 exd4 21. Rbd1 Bxd5 22. Bxd5 Bf6 23. b3 Rc8 24. Bc4 g6 25. f4 Bg7 26. Qd2 Rc5 27. Rf3 f5 28. exf5 gxf5 29. Re1 d5 30. Bd3 Rc3 31. Qd1 {Ponkratov,P (2614)-Samusenko,M (2427) Ufa RUS 2024 1-0 (53)}) ({RR} 16... f5 17. exf5 Bxf5 18. Bd3 Rb8 19. Bxf5 Rxf5 20. Qd3 Qf8 21. Qxa6 Rxb2 22. f4 Nb8 23. Qd3 exf4 24. a5 f3 25. Rxf3 Rxf3 26. Qxf3 Qxf3 27. gxf3 Bh4 28. Ne4 Na6 29. Rc1 h6 30. Rc6 Nc5 31. a6 {Prasad,D (2200)-Jhunjhnuwala,K (2268) Citta del Mare ITA 2023 1-0 (82)}) 17. Qd3 Qc5 18. Rab1 a5 19. Nb5 Be6 20. b3 Rad8 21. Rbd1 Bg4 22. Rde1 Bc8 23. Kh1 f5 24. Nbc3 Nd4 25. f3 g6 26. f4 exf4 27. Nxf4 Bf6 28. Ncd5 Be5 29. Ne7 Bxf4 30. Rxf4 Qe5 31. Nd5 Ne6 32. Rff1 Nc5 33. Qd2 Nxe4 34. Qxa5 Qd4 35. Rxe4 fxe4 36. Qc3 Qxc3 37. Nxc3 Rxf1+ 38. Bxf1 d5 39. Nd1 d4 40. Bc4 e3 41. Kg1 Be6 42. Bxe6 e2 43. Bc4 0-1

[Event "45th FIDE Chess Olympiad Open"]
[Site "Budapest, Hungary"]
[Date "2024.09.13"]
[Round "3.251"]
[White "Ulhaq, Zacky Dhia"]
[Black "Khoa, Goodwill"]
[Result "1-0"]
[WhiteElo "2203"]
[BlackElo "1890"]
[PlyCount "63"]
[EventDate "2024.??.??"]
[WhiteTeam "Indonesia"]
[BlackTeam "Namibia"]
[WhiteTeamCountry "INA"]
[BlackTeamCountry "NAM"]
[WhiteClock "0:17:30"]
[BlackClock "0:11:26"]

1. d4 Nf6 2. c4 g6 3. Nc3 Bg7 4. e4 d6 5. Nf3 O-O 6. Be2 Bg4 7. Be3 Nbd7 8. O-O c5 9. d5 Qb6 ({RR} 9... Ne8 10. h3 Bxf3 11. Bxf3 Nc7 12. Be2 a6 13. a4 Re8 14. f4 e6 15. Bf2 exd5 16. exd5 f5 17. Bd3 Nf6 18. a5 Rb8 19. Qc2 Nh5 20. Qd2 b5 21. axb6 Rxb6 22. Rfe1 Qb8 23. Rxe8+ Nxe8 24. Ra2 {Nikolov,M (2506)-Spasov,V (2598) Sunny Beach 2009 1-0 (37)}) ({RR} 9... a6 10. Re1 Rb8 11. a4 Re8 12. Kh1 h5 13. h3 Bxf3 14. Bxf3 e5 15. dxe6 Rxe6 16. Qc2 Ne5 17. Be2 Nc6 18. Rad1 Nb4 19. Qb1 Qe8 20. Bf3 Rd8 21. Bf4 Bf8 22. Nd5 Nfxd5 23. cxd5 Re5 24. Bxe5 {Peycheva,G (2266)-Daroczi,D (2162) chess.com INT 2024 1-0 (35)}) 10. Qc2 $146 ({RR} 10. b3 Nh5 11. h3 Bxf3 12. Bxf3 Bxc3 13. Bxh5 gxh5 14. Rc1 Bg7 15. Qxh5 Nf6 16. Qf3 Qa5 17. a4 Qd8 18. g4 Nd7 19. Qg3 Ne5 20. Rcd1 e6 21. f4 Ng6 22. Kg2 exd5 23. Rxd5 Qe7 24. Qe1 Qxe4+ {Marwitz,U (898)-Wilhelm,R (1048) Hamburg 2010 0-1}) 10... Rab8 11. h3 Bxf3 12. Bxf3 h5 13. Be2 Rfe8 14. g4 hxg4 15. hxg4 Ne5 16. g5 Nh7 17. f4 Nd7 18. Bg4 Ndf8 19. f5 Bd4 20. Qd2 Qb4 21. Be2 Bxe3+ 22. Qxe3 Qxb2 23. Rab1 Qa3 24. Rb3 Qa5 25. Qf4 Qd8 26. fxg6 fxg6 27. e5 dxe5 28. Qf7+ Kh8 29. Ne4 b6 30. Rh3 Qd7 31. Kg2 e6 32. Rxh7+ 1-0

[Event "45th FIDE Chess Olympiad Open"]
[Site "Budapest, Hungary"]
[Date "2024.09.13"]
[Round "3.252"]
[White "Nitzborn, Max Baron"]
[Black "Kristopher, Reynard"]
[Result "0-1"]
[WhiteElo "1800"]
[BlackElo "2114"]
[PlyCount "74"]
[EventDate "2024.??.??"]
[WhiteTeam "Namibia"]
[BlackTeam "Indonesia"]
[WhiteTeamCountry "NAM"]
[BlackTeamCountry "INA"]
[WhiteClock "0:15:10"]
[BlackClock "0:02:34"]

1. d4 d5 2. Nc3 Nf6 3. Bg5 Nbd7 4. f3 c5 5. Bxf6 ({RR} 5. e3 e6 6. Bb5 Be7 7. Nge2 O-O 8. O-O h6 9. Bh4 a6 10. Bxd7 Bxd7 11. Bf2 Rc8 12. Kh1 b5 13. a3 Qc7 14. Bg3 Qc6 15. Be5 b4 16. Nb1 bxa3 17. Nxa3 Qb7 18. b3 Bb5 19. Nxb5 Qxb5 {Asrian,K (2605)-Sargissian,G (2614) Antalya 2004 ½-½ (59)}) ({RR} 5. e3 cxd4 6. exd4 Qb6 7. Qd2 e6 8. O-O-O Bb4 9. g4 a6 10. h4 Qa5 11. Nge2 Nb6 12. Bxf6 gxf6 13. Qf4 Be7 14. Ng3 Bd7 15. Nh5 Rc8 16. Nxf6+ Kd8 17. Nxd7 Kxd7 18. Bd3 Rxc3 19. bxc3 Qxc3 {Novikova,G (2073)-Souleidis,G (2414) chess.com INT 2024 0-1 (63)}) 5... Nxf6 6. e4 dxe4 7. d5 e6 $146 ({RR} 7... a6 8. fxe4 e6 9. Nf3 Qb6 10. Qd2 exd5 11. e5 Ne4 12. Nxd5 Qxb2 13. Qc1 Qxc1+ 14. Rxc1 Rb8 15. Bd3 f5 16. Bxe4 fxe4 17. Ng5 c4 18. O-O Bc5+ 19. Kh1 Rf8 20. Nc7+ Kd7 21. Rxf8 Bxf8 22. Nd5 {Heimsoth,S (2164)-Kock,W (2025) Ruhrgebiet 2005 1-0 (62)}) ({RR} 7... exf3 8. Nxf3 g6 9. Ne5 Bg7 10. Qf3 O-O 11. O-O-O Qc7 12. Qe2 a6 13. a4 b5 14. Nc6 e6 15. axb5 axb5 16. Kb1 Nxd5 17. Nxd5 exd5 18. Ne7+ Kh8 19. Nxc8 Rfxc8 20. Rxd5 Qa5 21. c3 Qa2+ {0-1 (21) Rich,M (2166)-Jones,W (2091) Canterbury 2010}) 8. fxe4 exd5 9. exd5 Bd6 10. Bb5+ Bd7 11. Qe2+ Qe7 12. O-O-O Qxe2 13. Ngxe2 a6 14. Bxd7+ Kxd7 15. Rhf1 h5 16. h4 Rae8 17. Rf3 b5 18. Ng3 Bxg3 19. Rxg3 Ng4 20. Rf1 f6 21. Kd2 Kd6 22. a3 Re5 23. b4 Rc8 24. Re1 Rxe1 25. Kxe1 cxb4 26. axb4 Rc4 27. Kd2 Rxb4 28. Rd3 Ne5 29. Rg3 g6 30. Rh3 Rg4 31. Rh2 b4 32. Nd1 Rd4+ 33. Ke2 Rxd1 34. Kxd1 Ng4 35. Rh3 Nf2+ 36. Kc1 Nxh3 37. gxh3 Kxd5 0-1

[Event "45th FIDE Chess Olympiad Open"]
[Site "Budapest, Hungary"]
[Date "2024.09.13"]
[Round "3.253"]
[White "Giasi, Viresh"]
[Black "Laohawirapap, Prin"]
[Result "0-1"]
[WhiteElo "1998"]
[BlackElo "2380"]
[PlyCount "56"]
[EventDate "2024.??.??"]
[WhiteTeam "Suriname"]
[BlackTeam "Thailand"]
[WhiteTeamCountry "SUR"]
[BlackTeamCountry "THA"]
[WhiteClock "0:38:54"]
[BlackClock "0:50:18"]

1. d4 Nf6 2. Nf3 g6 3. h3 Bg7 4. Bf4 O-O 5. e3 d6 6. Be2 Nc6 7. O-O e5 8. Bh2 Qe7 ({RR} 8... Ne4 9. Nbd2 Nxd2 10. Qxd2 Qe7 11. c3 f5 12. Ne1 Qf7 13. Nd3 Be6 14. b4 Rad8 15. Qc2 Bc4 16. b5 Na5 17. dxe5 Bxd3 18. Bxd3 dxe5 19. Rad1 b6 20. Rd2 Rd6 21. Rfd1 Rfd8 22. Be2 Qe6 23. g4 {Zhigalko,S (2643)-Zhigalko,A (2566) Minsk 2017 1-0 (51)}) 9. a3 $146 ({RR} 9. Nc3 Kh8 10. Re1 Bf5 11. Bb5 Rad8 12. Bxc6 bxc6 13. Qe2 e4 14. Nd2 h5 15. Qa6 Qd7 16. Nc4 Bxh3 17. gxh3 Qxh3 18. Nd2 Ng4 19. Nf1 f5 20. Qxc6 Rf7 21. Ne2 g5 22. Bf4 Bh6 23. Qd5 Rdf8 {Gubajdullin,A (2253)-Drygalov,A (2475) chess.com INT 2023 0-1}) ({RR} 9. c4 Bf5 10. Nc3 exd4 11. exd4 Ne4 12. Nd5 Qd8 13. Re1 Re8 14. Bf1 Nf6 15. Ne3 Bd7 16. c5 Ne4 17. cxd6 Nxd6 18. Qb3 Nxd4 19. Nxd4 Bxd4 20. Rad1 Bxe3 21. Rxe3 Rxe3 22. Qxe3 Qf6 23. Be5 Qe6 {Pakleza,Z (2482)-Janaszak,D (2308) chess.com INT 2024 1-0 (62)}) ({RR} 9. c4 e4 10. Nfd2 Ne8 11. Nc3 f5 12. a3 Nd8 13. Nb3 c6 14. Qc2 g5 15. Rad1 Rf6 16. d5 c5 17. Nd2 Rh6 18. b4 Nf7 19. bxc5 dxc5 20. Nb3 Be5 21. Bxe5 Nxe5 22. d6 Nxd6 23. Nd5 Qg7 {Bhagat Kush (2184)-Ilincic,Z (2317) Budapest HUN 2023 0-1 (32)}) ({RR} 9. d5 Nb8 10. c4 Ne4 11. Nbd2 Nxd2 12. Qxd2 Nd7 13. Rac1 a5 14. Rfe1 Nc5 15. Bd1 e4 16. Nd4 Nd3 17. Be2 Nxc1 18. Rxc1 Bd7 19. a3 b6 20. Nb5 Rfc8 21. b3 f5 22. a4 Qf6 23. Nd4 h5 {Phan,M (1565)-Nguyen,L (1838) Tornelo INT 2021 1-0 (47)}) 9... Ne4 10. Bb5 Kh8 11. Bxc6 bxc6 12. Nbd2 Nxd2 13. Qxd2 e4 14. Ne1 Ba6 15. c3 Rab8 16. b4 Bxf1 17. Kxf1 f5 18. Qa2 g5 19. Qc4 Rb6 20. Nc2 f4 21. a4 d5 22. Qa2 Rf5 23. h4 h6 24. hxg5 hxg5 25. Ke2 Qf7 26. g4 Rf6 27. exf4 Rh6 28. Bg1 gxf4 0-1

[Event "45th FIDE Chess Olympiad Open"]
[Site "Budapest, Hungary"]
[Date "2024.09.13"]
[Round "3.254"]
[White "Kulpruethanon, Thanadon"]
[Black "Yeung, Jason"]
[Result "1-0"]
[WhiteElo "2286"]
[BlackElo "1993"]
[PlyCount "49"]
[EventDate "2024.??.??"]
[WhiteTeam "Thailand"]
[BlackTeam "Suriname"]
[WhiteTeamCountry "THA"]
[BlackTeamCountry "SUR"]
[WhiteClock "0:40:10"]
[BlackClock "0:39:59"]

1. d4 Nf6 2. c4 e6 3. Nf3 d5 4. g3 dxc4 5. Bg2 Nc6 6. Qa4 Bb4+ 7. Bd2 Nd5 8. Bxb4 Ndxb4 9. O-O Rb8 10. Nc3 a6 11. Ne5 O-O 12. Nxc6 bxc6 13. a3 Nd5 14. Qxc4 Rxb2 15. Rfb1 Rd2 $146 ({RR} 15... Rxb1+ 16. Rxb1 Qd6 17. a4 Nb6 18. Qxc6 Qxd4 19. Rd1 Qe5 20. a5 Bd7 21. Qb7 Na4 22. Ne4 Bb5 23. Rc1 f5 24. Ng5 Nc3 25. Nf3 Nxe2+ 26. Kh1 Qe4 27. Qxc7 Nxc1 28. Qxc1 Qc4 29. Qd2 Qd3 30. Qe1 {Zhao,S (1949)-Zhai,M (2371) China 2016 0-1}) 16. e3 Nb6 17. Qf1 f5 18. Qc1 Rd3 19. Qc2 Rxc3 20. Qxc3 Bd7 21. Bxc6 Qe8 22. Bg2 Qb8 23. Rc1 c6 24. Rab1 Qc7 25. Qa5 1-0

[Event "45th FIDE Chess Olympiad Open"]
[Site "Budapest, Hungary"]
[Date "2024.09.13"]
[Round "3.255"]
[White "Kalidjo, Imaan"]
[Black "Bodemar, Jonathan"]
[Result "0-1"]
[WhiteElo "1934"]
[BlackElo "2195"]
[PlyCount "64"]
[EventDate "2024.??.??"]
[WhiteTeam "Suriname"]
[BlackTeam "Thailand"]
[WhiteTeamCountry "SUR"]
[BlackTeamCountry "THA"]
[WhiteClock "0:00:48"]
[BlackClock "0:08:31"]

1. e4 e6 2. d4 d5 3. Nc3 Nf6 4. e5 Nfd7 5. f4 c5 6. Nf3 Nc6 7. Be3 Be7 8. Be2 O-O 9. Qd2 ({RR} 9. O-O a6 10. Kh1 b5 11. a3 Bb7 12. Qd2 Qb6 13. dxc5 Bxc5 14. Bxc5 Nxc5 15. Bd3 b4 16. axb4 Qxb4 17. f5 exf5 18. Bxf5 Ne7 19. Nd4 Qb6 20. Rae1 Ne4 21. Nxe4 dxe4 22. c3 Nxf5 23. Nxf5 f6 {Cheparinov,I (2657)-Ni,H (2681) Taiyuan 2007 1-0 (36)}) 9... b6 10. O-O-O ({RR} 10. O-O Qc7 11. h4 f5 12. exf6 Nxf6 13. Bb5 cxd4 14. Nxd4 Nxd4 15. Bxd4 Bc5 16. Rae1 a6 17. Be2 Rf7 18. Bf3 Bd7 19. Kh1 Re8 20. f5 Bxd4 21. fxe6 Rxe6 22. Qxd4 Rxe1 23. Rxe1 Qg3 24. Qe5 Qxh4+ {Sydykov,B (2268)-Cori T.,D (2389) chess.com INT 2024 1-0}) 10... c4 11. g4 $146 ({RR} 11. h4 b5 12. Nxb5 Rb8 13. Nd6 Bxd6 14. exd6 Nf6 15. c3 Qa5 16. Kb1 Ne4 17. Qc2 Nxc3+ 18. Kc1 Nxa2+ 19. Kb1 {0-1 (19) Baldvinsson,L (1939)-Tan,J (2441) Reykjavik 2016}) 11... b5 12. f5 Qa5 13. Bg5 b4 14. Nb1 Qxa2 15. f6 Nxf6 16. exf6 gxf6 17. Bf4 Ba6 18. Qe3 c3 19. bxc3 Bxe2 20. Qxe2 bxc3 21. Nxc3 Qa3+ 22. Kd2 Bb4 23. Ke1 Qxc3+ 24. Kf2 Rfe8 25. Rd3 Qc4 26. h4 e5 27. Bxe5 fxe5 28. Qe3 Bf8 29. Qg5+ Bg7 30. h5 h6 31. Qf5 Qxc2+ 32. Kg3 Ne7 0-1

[Event "45th FIDE Chess Olympiad Open"]
[Site "Budapest, Hungary"]
[Date "2024.09.13"]
[Round "3"]
[White "Arunnuntapanich, Tinnakrit"]
[Black "Kalka, Shiva"]
[Result "1-0"]
[WhiteElo "2064"]
[BlackElo "1849"]
[PlyCount "103"]
[EventDate "2024.??.??"]
[WhiteTeam "Thailand"]
[BlackTeam "Suriname"]
[WhiteTeamCountry "THA"]
[BlackTeamCountry "SUR"]
[WhiteClock "1:03:03"]
[BlackClock "0:00:31"]

1. d4 Nf6 2. c4 e6 3. Nc3 d5 4. Bg5 Be7 5. e3 h6 6. Bh4 O-O 7. cxd5 Nxd5 8. Bxe7 Qxe7 9. Nf3 ({RR} 9. Nxd5 exd5 10. Bd3 Re8 11. Ne2 Nd7 12. O-O Nf6 13. Qc2 c6 14. Rab1 a5 15. Nc3 Be6 16. a3 Nd7 17. Rfc1 Nb6 18. Ne2 Ra7 19. Nf4 a4 20. Qc3 Bd7 21. Qb4 Nc8 22. Qxe7 Nxe7 23. Rc3 Bf5 {Bogner,S (2552)-Adams,M (2753) Germany 2014 ½-½ (31)}) ({RR} 9. Bd3 c5 10. Nge2 Nc6 11. O-O Nxc3 12. bxc3 b6 13. Nf4 Bb7 14. Be4 Rfd8 15. Qf3 Rac8 16. Rac1 Na5 17. Bxb7 Qxb7 18. Qg3 Qc7 19. Qg4 cxd4 20. Nh5 f5 21. Qg6 Qf7 22. Qxf7+ Kxf7 23. cxd4 g5 {Praxmarer,C (1958)-Schwab,L (2182) St Veit AUT 2024 0-1 (64)}) 9... Rd8 10. Rc1 Nxc3 11. Rxc3 $146 ({RR} 11. bxc3 c5 12. Bd3 Nc6 13. Bb1 cxd4 14. cxd4 e5 15. Qc2 Qb4+ 16. Qd2 Qxd2+ 17. Kxd2 Bg4 18. Rc5 exd4 19. e4 Rd6 20. Rhc1 Rf6 21. Rb5 b6 22. Rxc6 Rxc6 23. Ne5 Rc5 24. Rxc5 bxc5 25. Nxg4 Rb8 {Gaprindashvili,N (2079)-Lupik,M (2200) St Petersburg 2005 0-1 (48)}) 11... c6 12. Qb3 Nd7 13. Bc4 b6 14. O-O Bb7 15. Rfc1 c5 16. Be2 Rac8 17. Qa3 a5 18. Ne1 e5 19. Bf3 Bxf3 20. Nxf3 e4 21. Nd2 Qe6 22. Qb3 Qxb3 23. Nxb3 a4 24. Nd2 f5 25. f3 Nf6 26. fxe4 fxe4 27. Nf1 Rb8 28. dxc5 bxc5 29. R1c2 Rd5 30. Rc4 a3 31. b3 Rd1 32. Rc1 Rbd8 33. h3 Rxc1 34. Rxc1 Nd5 35. Rxc5 Nb4 36. Ra5 Nc2 37. Rc5 Nb4 38. Rc4 Nxa2 39. Ra4 Nc1 40. Rxa3 Rd1 41. b4 Kf7 42. b5 Ke6 43. Ra6+ Ke5 44. b6 Rd8 45. b7 Rb8 46. Rc6 Nd3 47. Rc7 g6 48. Ng3 h5 49. h4 Nb4 50. Rc5+ Nd5 51. Rb5 Ke6 52. Nxe4 1-0

[Event "45th FIDE Chess Olympiad Open"]
[Site "Budapest, Hungary"]
[Date "2024.09.13"]
[Round "3.1"]
[White "Sanchez Alvarez, Roberto Carlos"]
[Black "Ebosse Kingue Victor Patrick"]
[Result "1-0"]
[WhiteElo "2376"]
[BlackElo "2014"]
[PlyCount "77"]
[EventDate "2024.??.??"]
[WhiteTeam "Panama"]
[BlackTeam "Cameroon"]
[WhiteTeamCountry "PAN"]
[BlackTeamCountry "CAM"]
[WhiteClock "0:03:43"]
[BlackClock "0:00:35"]

1. d4 {Kramnik,Vladimir} Nf6 2. c4 g6 3. Nc3 Bg7 4. e4 d6 5. f3 O-O 6. Nge2 c5 7. d5 e6 8. Ng3 exd5 9. cxd5 a6 10. a4 Nbd7 11. Be2 h5 12. Bg5 ({RR} 12. O-O h4 ({RR} 12... Nh7 13. Be3 h4 14. Nh1 f5 15. Qd2 Qf6 16. f4 Re8 17. Nf2 Ndf8 18. e5 dxe5 19. fxe5 Qxe5 20. Bxc5 Nd7 21. Nd3 Qf6 22. Bf2) 13. Nh1 Nh5 14. Be3 g5 15. Qd2 Nf4 16. Bxf4 gxf4 17. Qxf4 Ne5 18. Qd2 Ng6 19. f4 Bd4+ 20. Nf2 f5 21. Kh1 Qe7 22. Bd3 Qg7 23. exf5 Bxf5 24. Bxf5 Rxf5 25. Nh3 Raf8) 12... Qa5 ({RR} 12... Qe8 13. Qd2 Nh7 ({RR} 13... Rb8 14. Bh6 Ne5 15. Bxg7 Kxg7 16. f4 Neg4 17. h3 h4 ({RR} 17... Nh6 18. Bf3 h4 19. Nge2) 18. hxg4 hxg3 19. f5 Rh8 20. O-O-O) 14. Bh6 ({RR} 14. Be3 f5) 14... Qe5 ({RR} 14... Bd4 15. Bxf8 Qxf8 16. Bd3 Qg7 17. Nge2) ({RR} 14... f5 15. Bxg7 Kxg7 16. exf5 gxf5 17. O-O) 15. Bxg7 Qxg7 16. Nf1 ({RR} 16. O-O h4 17. Nh1 Qd4+ ({RR} 17... f5 18. Nf2 b6) 18. Qxd4 cxd4 19. Nb1 a5 ({RR} 19... f5 20. Nf2 Nhf6 21. Rd1) 20. Rd1 Nc5) 16... f5 ({RR} 16... Qd4 17. Ne3 ({RR} 17. Qxd4 cxd4 18. Nb1 Nc5) 17... Qxd2+ 18. Kxd2) ({RR} 16... Rb8 17. Ne3) 17. exf5 gxf5 18. Ne3 Kh8 ({RR} 18... Ne5 19. f4 ({RR} 19. O-O f4) 19... Ng4 20. Nc4 Qc7 21. h3 Ngf6 22. a5 Bd7 23. O-O Rae8 24. Qd1) ({RR} 18... Rb8 19. O-O ({RR} 19. Nc4 Ne5 20. Nxe5 Qxe5 21. O-O) 19... Qd4 20. Rad1 f4) ({RR} 18... f4 19. Nc4 Qxg2 20. O-O-O) 19. Nc4 Qf6 ({RR} 19... Qxg2 20. O-O-O Qg6 21. Qf4 ({RR} 21. Rhg1 Qf6 22. Qf4 ({RR} 22. f4 b5 23. axb5 h4) 22... Ne5) {RR} 21... Rf6 22. Rhg1 Qh6 23. Qxh6 Rxh6 24. Bd3) 20. O-O Rb8 ({RR} 20... Ne5 21. Nb6 ({RR} 21. Nxe5 Qxe5 22. Rad1 Rg8) 21... Rb8 22. f4 Ng4 23. h3 ({RR} 23. Bxg4 hxg4 24. Rae1) 23... Qd4+ 24. Qxd4+ cxd4 25. hxg4 dxc3 26. g5 cxb2 27. Rab1) ({RR} 20... Qd4+ 21. Qxd4+ cxd4 22. Na2) 21. Rfe1 b5 22. axb5 axb5 23. Na5 b4 ({RR} 23... c4 24. Nc6 Rb6 25. b4 ({RR} 25. Ra5)) 24. Nb5 Ba6 ({RR} 24... Rg8 25. Nc6 ({RR} 25. Na7 Ne5 26. N5c6 Qg7 27. g3 Ng5) 25... Rb6 26. f4) 25. Nc7 Bxe2 26. Rxe2 Rg8 ({RR} 26... Ng5 27. Nc6 Ne5 28. Nxe5 dxe5 29. Qe3 e4 30. Ra6 ({RR} 30. f4 Nf3+ 31. gxf3 Qg7+ 32. Rg2 Qxc7 33. Ra6 Rb6 34. Rxb6 Qxb6 35. Rg5 Rg8 36. fxe4 Rxg5+ 37. fxg5 fxe4 38. Qxe4) 30... Rb6 31. Rxb6 Qxb6 32. Qxg5 Qxc7 33. Qxh5+ Qh7 34. Qxh7+ Kxh7 35. fxe4) 27. Nc6 {Ivanchuk,V (2730)-Kramnik,V (2765) Las Palmas 1996 CBM 057 [Kramnik,Vladimir] 1-0 (34)} {RR} Ng5 28. Kh1 Rbc8 29. Ne6 Ra8 30. Rae1 Ra2 31. Nf4) ({RR} 12... Qc7 13. Qd2 Re8 ({RR} 13... Nh7 14. Bh6 Qd8 15. Bxg7 Kxg7 16. O-O Rb8 17. Rab1 Qa5 18. Rfd1 Qb4 19. Qc2 c4 20. Na2 Qc5+ 21. Kf1 b5 22. axb5 axb5 23. b3 h4 24. Nh1 h3 25. bxc4 hxg2+ 26. Kxg2 Ne5) ({RR} 13... c4 14. O-O Rb8 15. Bh6 h4 16. Nh1 b5 17. axb5 axb5 18. Nf2 b4 19. Bxg7 Kxg7 20. Na4 Nc5 21. Nxc5 Qxc5) 14. O-O c4 15. Rab1 Rb8 16. Rfc1 b5 17. axb5 axb5 18. b4) ({RR} 12... Qb6 13. Qd2 Nh7 14. a5 Qc7) ({RR} 12... Qe8 13. Qd2 Nh7 14. Bh6 h4 15. Bxg7 Kxg7 16. Nf1 f5 17. exf5 Ne5 18. Ne3 Bxf5 19. O-O g5 20. f4 gxf4 21. Rxf4 Qg6 22. Rxh4 Ng5 23. Nxf5+ Rxf5 24. Kh1 Raf8 25. Rg1 Qf6 26. Qe3 Ng6 27. Rg4 {Duda,J (2729)-Svidler,P (2714) chess24.com INT 2021 ½-½ (71)}) 13. Bd2 $146 ({RR} 13. Qd2 b5 14. O-O b4 15. Nd1 Re8 16. Ne3 Nh7 17. Nc4 Qc7 18. Bf4 Ne5 19. Nxe5 Bxe5 20. Bxe5 Rxe5 21. f4 Re8 22. f5 Qe7 23. e5 h4 24. Bd3 Qg5 25. Ne4 Qxd2 26. Nxd2 Rxe5 27. Nc4 Re7 {Balogh,T (2421)-Salai,L (2424) Slovakia 2000 1-0 (40)}) ({RR} 13. Qd2 Re8 14. O-O c4 15. Be3 Ne5 16. Nh1 Nfd7 17. f4 Nd3 18. Bxd3 cxd3 19. Nf2 Nc5 20. Bxc5 Qxc5 21. Kh1 Bd7) ({RR} 13. Nf1 Re8 14. Nd2 Nh7 15. Nc4 Qc7 16. Bf4 Ne5 17. Bxe5 Bxe5 18. Nxe5 Rxe5 19. O-O f5 20. Qe1 f4 21. Nb1 Rb8 22. Na3 Re8 23. Qd2 Rf8 24. Rfc1 Qe7 25. b4 b6 26. Rab1 Bd7 27. Bxa6 Ra8 {Zhukova,N (2450)-Sziva,E (2311) New Delhi 2000 1-0 (58)}) ({RR} 13. O-O Re8 14. Qd2 Nh7 15. Bh6 Bd4+ 16. Be3 h4 17. Nh1 Bg7 18. Nf2 f5 19. exf5 gxf5 20. Kh1 Ne5 21. f4 Nf7 22. Rg1 Qd8 23. Bf3 Bd7 24. g3 hxg3 25. Rxg3 Kh8 26. Bh5 Qf6 27. Rag1 Rg8 {Hum,P (2140)-Tayar,J (2271) Ottawa 2007 0-1 (49)}) 13... Qc7 14. Nf1 Re8 15. Ne3 Rb8 16. O-O Ne5 17. b3 Qe7 18. h3 Ned7 19. Nc4 Ne5 20. Na3 Ned7 21. Rc1 Nh7 22. f4 Bd4+ 23. Kh1 Ndf6 24. Bf3 Bd7 25. Qe2 b5 26. axb5 axb5 27. Naxb5 Bxc3 28. Nxc3 Rxb3 29. Rfe1 Qd8 30. e5 Bf5 31. Qd1 Rxc3 32. Bxc3 Ng4 33. Re2 dxe5 34. Qe1 e4 35. hxg4 hxg4 36. Bxe4 g3 37. Bxf5 Rxe2 38. Qxe2 gxf5 39. Qh5 1-0

[Event "45th FIDE Chess Olympiad Open"]
[Site "Budapest, Hungary"]
[Date "2024.09.13"]
[Round "3.2"]
[White "Zebaze Dongmo Loic Dylane"]
[Black "Delgado Rosas, Alex Antonio"]
[Result "0-1"]
[WhiteElo "1914"]
[BlackElo "2157"]
[PlyCount "81"]
[EventDate "2024.??.??"]
[WhiteTeam "Cameroon"]
[BlackTeam "Panama"]
[WhiteTeamCountry "CAM"]
[BlackTeamCountry "PAN"]
[WhiteClock "0:02:04"]
[BlackClock "0:36:50"]

1. d4 Nf6 2. Nc3 d5 3. Bf4 a6 4. e3 c5 5. Nf3 cxd4 6. exd4 Nc6 7. Ne5 e6 8. a3 ({RR} 8. Nxc6 bxc6 9. Na4 Bd6 10. Bxd6 Qxd6 11. Bd3 a5 12. O-O Ba6 13. Bxa6 Rxa6 14. Re1 O-O 15. Re3 Ra7 16. c3 Nd7 17. Qg4 Rc7 18. Rg3 g6 19. Qh4 e5 20. dxe5 Nxe5 21. Re3 Nd7 22. Rae1 Nf6 {Firouzja,A (2786)-Dominguez Perez,L (2739) chess.com INT 2023 1-0 (39)}) 8... Bd6 $146 ({RR} 8... Bd7 9. Be3 Bd6 10. f4 Qb6 11. Bf2 Rc8 12. Bd3 Bb8 13. O-O Qc7 14. Qf3 O-O 15. g4 Ne7 16. Rae1 Qd8 17. f5 exf5 18. gxf5 Bc6 19. Bh4 Qd6 20. Rf2 Ba7 21. Qf4 Rce8 22. Nxc6 Qxf4 23. Nxe7+ {Islam,K (2115)-Nayem,H (2187) Dhaka BAN 2024 1-0}) 9. g4 Qc7 10. Nxc6 Bxf4 11. Nb4 h5 12. gxh5 Rxh5 13. h3 Bd7 14. Nd3 Rh4 15. Rg1 Rc8 16. Nxf4 Qxf4 17. Rxg7 Qh6 18. Rg3 Ke7 19. Qd3 Ne4 20. Nxe4 Rxe4+ 21. Re3 Bb5 22. Qb3 Rxe3+ 23. Qxe3 Qxe3+ 24. fxe3 Bxf1 25. Kxf1 Rxc2 26. b4 Kf6 27. Ke1 Rh2 28. Rc1 Rh1+ 29. Kd2 Rxc1 30. Kxc1 Kg5 31. Kd1 Kh4 32. Ke2 Kxh3 33. Kf3 b5 34. e4 dxe4+ 35. Kxe4 Kg4 36. Ke5 Kg5 37. Kd6 Kf5 38. Ke7 Ke4 39. Kxf7 Kxd4 40. Kxe6 Kc4 41. Ke5 0-1

[Event "45th FIDE Chess Olympiad Open"]
[Site "Budapest, Hungary"]
[Date "2024.09.13"]
[Round "3.3"]
[White "Baules Rodriguez, Jorge Luis"]
[Black "Amba Oyon Marius Claude"]
[Result "1-0"]
[WhiteElo "2271"]
[BlackElo "1975"]
[PlyCount "119"]
[EventDate "2024.??.??"]
[WhiteTeam "Panama"]
[BlackTeam "Cameroon"]
[WhiteTeamCountry "PAN"]
[BlackTeamCountry "CAM"]
[WhiteClock "0:15:31"]
[BlackClock "0:10:55"]

1. e4 c5 2. Nf3 e6 3. d4 cxd4 4. Nxd4 a6 5. Nc3 Qc7 6. Bd3 Nf6 7. Qe2 Bc5 8. Nb3 Bb4 9. Bd2 Nc6 10. a3 Bd6 11. g3 Be7 12. f4 d6 13. g4 h6 $146 ({RR} 13... Nd7 14. h4 Nc5 15. Be3 Bd7 16. Qf2 b6 17. h5 Qb7 18. g5 f5 19. O-O-O Nxd3+ 20. cxd3 b5 21. Nd4 Rc8 22. Nxc6 Bxc6 23. Bd4 fxe4 24. h6 e5 25. hxg7 Rg8 26. fxe5 Bxg5+ 27. Kb1 Qxg7 28. Qf5 {Rudolph,P (2091)-Stiefel,R (2028) Germany 2015 1-0}) ({RR} 13... b5 14. g5 Nd7 15. O-O-O Bb7 16. Rhe1 b4 17. Nd5 exd5 18. exd5 Nce5 19. fxe5 Nxe5 20. Bxb4 Bxg5+ 21. Kb1 O-O 22. Qe4 g6 23. h4 Bf6 24. h5 Nxd3 25. Qxd3 a5 26. Bd2 a4 27. Nd4 Bxd5 28. Nb5 {Kairbekova,A (2189)-Pourkashiyan,A (2322) Chess.com INT 2022 0-1 (67)}) 14. O-O b5 15. Rae1 b4 16. axb4 e5 17. Nd5 Nxd5 18. exd5 Nxb4 19. Bxb4 Qb6+ 20. Bc5 dxc5 21. Bc4 O-O 22. fxe5 Bd7 23. Qe4 Bb5 24. Re2 Rab8 25. Kh1 Bxc4 26. Qxc4 Qg6 27. c3 Qb6 28. Nc1 Qg6 29. Nd3 Qb6 30. Ref2 Bh4 31. Rf3 Bg5 32. R3f2 Bh4 33. Re2 Be7 34. Kg2 Rbc8 35. Ref2 Qb7 36. Kg1 Bg5 37. Re2 Rfd8 38. d6 Rf8 39. Nxc5 Qa7 40. b4 a5 41. Kg2 axb4 42. cxb4 Qa8+ 43. Qe4 Qa3 44. Rf3 Qc1 45. Qd5 Bh4 46. e6 fxe6 47. Nxe6 Rxf3 48. Qxf3 Qd1 49. Rf2 Qxf3+ 50. Rxf3 Rc2+ 51. Kh3 Re2 52. Kxh4 Rxe6 53. Rd3 Re8 54. d7 Rd8 55. b5 Kf7 56. b6 g6 57. b7 Ke7 58. Re3+ Kf6 59. Re8 g5+ 60. Kg3 1-0